| 000 -ლიდერი |
| ფიქსირებული სიგრძის საკონტროლო ველი |
00949nam a22001937a 4500 |
| 003 - საკონტროლო ნომრის იდენტიფიკატორი |
| საკონტროლო ველი |
Ge_BSU |
| 005 - ბოლო ოპერაციის თარიღი და დრო |
| საკონტროლო ველი |
20221116112929.0 |
| 008 - ფიქსირებული სიგრძის მონაცემთა ელემენტები - ზოგადი ინფორმაცია |
| ფიქსირებული სიგრძის საკონტროლო ველი |
221116s1950 ge ||||| |||| 00| 0 geo d |
| 041 ## - ენის კოდი |
| Language code of text/sound track or separate title |
geo |
| 080 ## - უნივერსალური ათობითი კლასიფიკაციის ინდექსი |
| Universal Decimal Classification number |
340.153(094) დ-72 |
| 100 ## - მთავარი ჩანაწერი - პიროვნების სახელი |
| Personal name |
დოლიძე, ი. |
| 9 (RLIN) |
3777 |
| 245 ## - ცნობა სათაურის შესახებ |
| Title |
ადრინდელი ფეოდალური სამართლის ძეგლები / |
| Statement of responsibility, etc |
ი. დოლიძე; რედ. ა. ვაჩეიშვილი. |
| 264 ## - წარმოების, გამოცემის, დისტრიბუციის და სხვა ცნობები |
| გამოცემის, წარმოების, დისტრიბუციის... ადგილი |
თბილისი : |
| გამოცემის, წარმოების, დისტრიბუციის... სახელწოდება |
სტალინის სახ. თბილისის სახელმწ. უნ-ტის გამ-ბა და სტ., |
| გამოცემის, წარმოების, დისტრიბუციის... თარიღი |
1950. |
| 300 ## - ფიზიკური აღწერა |
| Extent |
124 გვ. ; |
| Other physical details |
23 სმ. |
| 504 ## - BIBLIOGRAPHY, ETC. NOTE |
| Bibliography, etc |
ბიბლიოგრაფია შესავალში. |
| 653 ## - INDEX TERM--UNCONTROLLED |
| Uncontrolled term |
ფეოდალური სამართალი |
| 700 ## - ADDED ENTRY--PERSONAL NAME |
| Personal name |
ვაჩეიშვილი, ა. |
| Relator term |
რედაქტორი |
| 9 (RLIN) |
3974 |
| 942 ## - ADDED ENTRY ELEMENTS (KOHA) |
| Source of classification or shelving scheme |
|
| Koha item type |
წიგნი |